000 00907cam a22001814a 4500
005 20250605164401.0
008 250528s ||||||||||||||||||||||||d
035 _a24587
040 _aGR-AtMCL
_bgre
_dGR-AtMCL
_eAACR2
245 1 _aΠρέπει Σήμερα να Αναπτύξουμε το Σύστημα Διαχείρισης Φορολογικών Διαφορών του Αύριο
260 _bFinance Pro,
_c2021
300 _a66
520 _aΒασίλης Κορκίδης: Η Νέα Πραγματικότητα Απαιτεί Συνεν΄ψσεις Δυνάμεψν και Επιχειρησιακές Συνέργειες, Σπύρος Κοκκόλης: Ο Σύγχρονος CFO πρέπει να είναι Πρωτεργάτης και Οδηγός της Αλλαγής.
700 1 _aΜπούσιας Μιχάλης Κ
_99357
942 _cCR
999 _c9457
_d9457